000
00203 a2200097 4500
001
2362
100
_a
Onionsm C T
245
_a
Fifteen plays of shakespear
260
_a
_b
Oxford
_c
090
_c
1716
_d
1716
942
_a
NUST-CAE
_c
M
_c
7958
999
_c
237435
_d
237435